| 000 | 00469nam a22001817a 4500 | ||
|---|---|---|---|
| 999 |
_c7753 _d7753 |
||
| 003 | GBCCL | ||
| 005 | 20241126110636.0 | ||
| 008 | 180918b ||||| |||| 00| 0 eng d | ||
| 040 | _cgbc | ||
| 082 |
_a272.9092 _bMOI |
||
| 100 |
_aMoise, Anutza _913546 |
||
| 245 | _aA ransom for Wurmbrand | ||
| 260 |
_aNew Delhi: _bThe love in action society, |
||
| 300 | _a110p. ; | ||
| 650 |
_aWurmbrand, Richard _911461 |
||
| 650 |
_apersecution _zRomania _95059 |
||
| 942 |
_2ddc _cBK |
||